00727nam a22002177a 4500999001900000005001700019010001500036020002600051035001400077037001300091082001000104100001900114245005500133260003300188270005100221300002100272500005300293700001900346942002400365952012000389 c196729d19672920230724105950.0 aENG-137527 a9789392080272c160.00 aEN-121059 bDBAD/PUB a181.4 aYadav, Kanchan10aCompilation of Hatha Yoga Texts/cby Kanchan Yadav aNew DelhibKitab Mahalc2022 a4655/21, Ansari Road, DaryaganjbDelhie110002 a172p.c22cm(pbk) aIncludes Comparative Summary and Reference Texts aPankaj Patidar 2ddccENmYADh181.4 001040708NFICaMPbMPd2023-07-24eDBAD/PUBg160.00l0o181.4 YADpEN-121059r2023-07-24 00:00:00t1v160.00yEN